000 00316nam a2200109Ia 4500
008 171211s9999 xx 000 0 und d
245 _aAmerica's Favorite Radio Station: WKRP in Cincinnati
245 _cMichael B. Kassel
260 _c1993
650 _xmusic
856 _uhttp://down.ebook777.com/062/0879725850.pdf
999 _c348656
_d348656